Chopín et George Sand a Majorque / (Record no. 63122)

MARC details
000 -LEADER
campo de control de longitud fija 00764nam a2200217 i 4500
001 - NÚMERO DE CONTROL
campo de control 63122
003 - IDENTIFICADOR DE NÚMERO DE CONTROL
campo de control ES-MaACL
005 - FECHA Y HORA DE LA ÚLTIMA TRANSACCIÓN
campo de control 20251004063112.0
007 - CAMPO FIJO DE DESCRIPCIÓN FÍSICA--INFORMACIÓN GENERAL
campo de control de longitud fija t|
008 - DATOS DE LONGITUD FIJA--INFORMACIÓN GENERAL
campo de control de longitud fija 031128s1960 sp ||||1| fre d
100 1# - ENTRADA PRINCIPAL--NOMBRE DE PERSONA
Nombre de persona Ferrà, Bartomeu,
Fechas asociadas al nombre 1843-1925
9 (RLIN) 50221
245 10 - MENCIÓN DEL TÍTULO
Título Chopín et George Sand a Majorque /
Mención de responsabilidad, etc. Bartomeu Ferra ; versión française par Alfred Rosset ; precede d'un extrait des "Souvenirs d'Aurore Sand".
260 ## - PUBLICACIÓN, DISTRIBUCIÓN, ETC.
Lugar de publicación, distribución, etc. Palma de Mallorca :
Nombre del editor, distribuidor, etc. Carboxa,
Fecha de publicación, distribución, etc. 1960 (
Fabricante Soler)
300 ## - DESCRIPCIÓN FÍSICA
Extensión 89 p. :
Otras características físicas il. ;
Dimensiones 19 cm.
500 ## - NOTA GENERAL
Nota general Con retrato de Chopin.
600 14 - PUNTO DE ACCESO ADICIONAL DE MATERIA--NOMBRE DE PERSONA
Nombre de persona Chopin, Fryderyk.
9 (RLIN) 144154
600 14 - PUNTO DE ACCESO ADICIONAL DE MATERIA--NOMBRE DE PERSONA
Nombre de persona Sand, George,
Fechas asociadas al nombre 1804-1876
9 (RLIN) 103060
700 1# - ENTRADA AGREGADA--NOMBRE PERSONAL
Nombre de persona Rosset, Alfred.
9 (RLIN) 99848
852 ## - LOCALIZACIÓN
Ubicación ES-MaACL
Número de control de estantería C-18905
Sublocalización o colección R.46884
Holdings
Estatus retirado Estado de pérdida Estado de daño No para préstamo Biblioteca de origen Biblioteca actual Ubicación en estantería Fecha de adquisición Fuente de adquisición Total de préstamos Signatura topográfica completa Código de barras Visto por última vez Precio de reemplazo Tipo de ítem Koha
        Biblioteca del Ateneo de Madrid Biblioteca del Ateneo de Madrid Galería 17/01/2008     C-18905 1066170 23/02/2023 23/02/2023 Libro impreso